| 000 | 00447nam a22001577a 4500 | ||
|---|---|---|---|
| 005 | 20240507074411.0 | ||
| 008 | 240507b |||||||| |||| 00| 0 eng d | ||
| 041 | _aEnglish | ||
| 082 | _a349 LAW | ||
| 100 | _lEnglish | ||
| 245 | _aThe Law Reports: Queen's Bench Division | ||
| 260 |
_aLondon: _bTHE COUNCIL, _c1954 |
||
| 300 |
_bxiv, 505 pages; _c25 cm. |
||
| 650 |
_aLegal practice _bLaw |
||
| 942 |
_cBK _6ALISON_BN_VRIES |
||
| 999 |
_c1618 _d1618 |
||